Die Blumen von Hiroshima (Запис номер 517688)
[ съкратено ]
| 000 -Лидер | |
|---|---|
| Лидер | 02205njm a2200289 a 4500 |
| 003 - Код на организацията, давaща контролен номер | |
| Код на организацията, даваща контролен номер | BLK |
| 005 - Дата и час на последна редакция | |
| Дата и час на последна редакция | 20250301005541.0 |
| 008 - Елементи от данни с фиксирана дължина | |
| Елементи с фиксирана дължина | 180413b bul||n|| |||||||| n|bulo| |
| 028 ## - PUBLISHER NUMBER | |
| Издателски номер | 820794 |
| 040 ## - Източник на каталожния запис | |
| Код на библиотеката | BLK |
| 041 ## - Код за език | |
| Език на записа | Немски |
| Език за КДБФ | Немски |
| 080 ## - УДК | |
| УДК текст | Вариации. Прелюдии. Интермецо. Фуги |
| УДК код | 78.083.2 |
| УДК – определител | (086.72) |
| УДК – код + определител | 78.083.2(086.72) |
| 100 ## - Редна дума - Автор | |
| R(LIN) | 494832 |
| Автор | Forest, Jean Forest |
| 245 ## - Сведения за заглавието | |
| Заглавие | Die Blumen von Hiroshima |
| Авторска отговорност | Günter Kochan ; |
| Подзаглавни данни | Opernquerschnitt |
| 257 ## - Страна на издаване | |
| Страна на създаване/издаване | Германия |
| 260 ## - Област на издателските данни | |
| Място на издаване | Berlin |
| Име на издателя | Deutsche Schallplatten |
| Година на издаване | 1968 |
| 9 (RLIN) | 215027 |
| 300 ## - Физическа характеристика | |
| Брой страници | 1 грамофонна плоча, двустранна |
| Илюстрации | 33 o/min, stereo |
| Размер | 30 см |
| 380 ## - Жанр | |
| Жанр | Изкуство |
| 490 ## - СЕРИИ (Колекции) | |
| Серия | Eterna |
| 9 (RLIN) | 493861 |
| 490 ## - СЕРИИ (Колекции) | |
| 9 (RLIN) | 494075 |
| Серия | Unsere neue Musik |
| Номер в серията | 31 |
| 500 ## - Общи забележки | |
| Обща забележка | Introduktion<br/>A2 Der Junger Amerikaner<br/>A3 Du Weißt Es, Yuka<br/>A4 Das Zarte Licht Des Silbermondes<br/>A5 Warum Seufzen Sie?<br/>A6 Liebster, Wie Blaß Du Immer Bist<br/> 2. Bild <br/>A7 Warenhaus-Musik Und Ariette Des Bäuerleins<br/> 3. Bild <br/>A8 Meine Glocke! Horch, Ältere Schwester!<br/>B1 Guten Abend<br/>B2 Sehr Erfreut, Geehrten Gast Meiner Freunde Kennen Zu Lernen<br/>B3 Aber Es Gibt Noch Anderes In Der Welt<br/> 4. Bild <br/>B4 Das Also War Es<br/>B5 Glücklich, Geehrten Gast Beim Frühlingsfest Begrüßen Zu Können<br/>B6 Welche Wonne, Wie Schön<br/>B7 Kendo<br/> 5. Bild <br/>B8 Wie Lange Bin Ich Nicht Mehr So Gerannt, Yuka<br/>B9 Kleines, Buntes Blütenblatt |
| 511 ## - Забележка за участници или изпълнители | |
| Забележка за участници | Baritone Vocals [Bass Baritone Vocals; Maeda] – Werner Haseleu<br/> Baritone Vocals [Fumio, Yukas Gatte] – Johannes Prkno<br/> Baritone Vocals [Sam, Ein Junger Amerikaner] – Peter Wieland<br/> Composed By, Conductor – Jean Kurt Forest<br/> Design – Werner Klemke<br/> Design [Typografische Gestaltung] – Detlef Mann<br/> Libretto By – Edita Morris<br/> Orchestra – Estraden-Orchester Des Deutschlandsenders*<br/> Soprano Vocals [Ohatsu, Yukas Schwester] – Rosemarie Rönisch<br/> Soprano Vocals [Yuka] – Christa Schrödter<br/> Supervised By [Redaktion] – Erika Krökel<br/> Tenor Vocals [Bäuerlein] – Lajos Pasztor |
| 700 1# - Други автори (авторска отговорност) | |
| 9 (RLIN) | 18531 |
| Друг автор | Meyer, Ernst Hermann |
| 852 ## - Местоположение | |
| Сигнатура (форматна) | Ф ІІ 1065 |
| Отдел | Основен фонд - ползва се само за читалня |
| 942 ## - АРТИКУЛИ | |
| Вид на библиотечния документ | Грамофонни плочи |
| Скрит в OPAC | Не |
| 944 ## - СЪЗДАВАНЕ И РЕДАКЦИЯ на ЗАПИСА | |
| Дата на регистрацията/редакция | Виолета Тройчева |
| Служител, извършил регистрацията/редакцията | |
| Статус, дата на статуса | CRON CRON |
| Създаване/Редакция | |
| 999 ## - СИСТЕМНИ КОНТРОЛНИ НОМЕРА | |
| Koha biblionumber | 517688 |
| Koha biblioitemnumber | 517688 |
| Код за отписване | Код за изгубен артикул | Източник на класификационната схема | Код за повреда | Код за отдаване | Артикулен № | Име на библиотеката - собственик | Име на библиотеката, в която се намира в момента | Статус (Текущо местоположение) | Дата на вписване в системата | Местоположение - отдел | Цена в лева | Инвентарен номер | Систематично азбучна сигнатура | Баркод | Цена в евро | Служебен тип на артикула |
|---|---|---|---|---|---|---|---|---|---|---|---|---|---|---|---|---|
| Не е изгубен | Universal Decimal Classification | Не е повреден | ползва се в читалня | 950192 | Регионална библиотека "Любен Каравелов" Русе | Регионална библиотека "Любен Каравелов" Русе | Хранилище | 2024-10-01 | Основен фонд - ползва се само за читалня | 5.00 | 4520/70 | Ф ІІ 1635 | 900000107400 | 2.56 | Грамофонни плочи |